| 000 | 00758nam a2200193Ia 4500 | ||
|---|---|---|---|
| 003 | GCL | ||
| 008 | 140319s9999 xx 000 0 ara d | ||
| 040 |
_aGCL / _cGCL |
||
| 082 | 0 | 4 |
_a219.3 _bج ا |
| 100 | 1 | _aجمال الدين محمد محمود | |
| 245 | 1 | 0 |
_aالاسلام والمشكلات السياسية المعصرة : _bنظام الحكم - حقوق الانسان - الاقليات / _cجمال الدين محمد محمود |
| 260 |
_aالقاهرة : _bدار الكتاب المصرى ، _c1992 |
||
| 300 |
_a420 ص ؛ _c24 سم |
||
| 490 | _a | ||
| 650 | 0 | 4 | _aالاسلام والاصلاح السياسى |
| 650 | 0 | 4 | _aالاسلام والسياسة |
| 650 | 0 | 4 | _aالاسلام، نظام الحكم فى |
| 942 |
_2ddc _cBK |
||
| 999 |
_c45250 _d45250 |
||